| 000 | 01051cam a2200289 a 4500 | ||
|---|---|---|---|
| 001 | 3094 | ||
| 005 | 20250122151128.0 | ||
| 020 | _a9780590457514 | ||
| 040 |
_aDLC _cDLC _dDLC _beng |
||
| 050 | 0 | 0 |
_aTL659.H5 _b1993 |
| 082 | 0 | 0 | _a303 |
| 100 | 1 | _aTanaka, Shelley | |
| 245 | 1 | 4 |
_aThe disaster of the Hindenburg : _bthe last flight of the greatest airship ever built / _cby Shelley Tanaka. |
| 260 |
_aNew York : _bScholastic , _c1993 |
||
| 300 |
_a64 pages : _bcolor illustrations , maps , _c29 cm. |
||
| 490 | _a Time Quest | ||
| 505 | _aZ | ||
| 520 | _aDescribes the last voyage of the zeppelin, or airship, Hindenburg, which crashed in flames on a New Jersey airfield in 1937, and examines some possible causes for the disaster. | ||
| 521 |
_a940
_bLexile |
||
| 521 |
_aZ
_bRaz-Plus |
||
| 650 | 0 |
_aAircraft accidents _xJuvenile literature. |
|
| 650 | 0 |
_aAirships _zGermany _vJuvenile literature. |
|
| 650 | 1 | _aAirships. | |
| 650 | 1 | _aAircraft accidents. | |
| 906 |
_a7 _bcbc _corignew _d1 _eocip _f19 _gy-gencatlg |
||
| 942 |
_2ddc _cBK _n0 |
||
| 999 |
_c3094 _d3094 |
||